| 000 | 01232nam a2200313 i 4500 | ||
|---|---|---|---|
| 001 | 000046166 | ||
| 003 | DO-SdBNP | ||
| 005 | 20240520131757.0 | ||
| 007 | ta | ||
| 008 | 150630s2008 dr abc 000 0 spa d | ||
| 020 | _z97899454540692 | ||
| 040 |
_aDO-SdBNP _bspa _cBNPHU _erda |
||
| 082 | 4 | _222 | |
| 100 | 1 |
_aBangou, Henri, _d1922- _974208 |
|
| 245 | 1 | 3 |
_aLa revolución y la esclavitud en Guadalupe 1789-1802 : _bepopeya negra y genocidio / _cHenri Bangou ; edición, Alberto E. Dspradel Cabral ; traducción y corrección, Diana Contreras |
| 260 |
_aSanto Domingo : _bManati, _c2008. |
||
| 300 |
_a287 páginas : _bilustraciones, mapas, retratos ; _c22 cm. |
||
| 336 |
_2rdacontent _atexto _btxt |
||
| 337 |
_2rdamedia _asin mediación _bn |
||
| 338 |
_2rdacarrier _avolumen _bnc |
||
| 500 | _aIncluye referencias bibliográficas y notas al pie de las páginas. | ||
| 500 | _aIncluye datos biográficos del autor en la páginas de la 13 a la 22 y en la contracubierta | ||
| 504 | _aBibliografía : p. 285-287 | ||
| 590 | _aInventariado, 2024/BT | ||
| 700 | 1 |
_aDespradel Cabral, Alberto E., _eedición _934488 |
|
| 700 | 1 |
_aContreras, Diana, _etraducción y corrección _985467 |
|
| 910 | _aBtavárez | ||
| 942 |
_2ddc _cLBS1 |
||
| 999 |
_c45655 _d45655 |
||